000 00702aam a2200265 4500
005 20160926102336.0
008 150406b xxu||||| |||| 00| 0 spa d
041 _aspa
082 _a658.870.7 S688c
100 _aSalomon, Michael
_922527
245 _aComportamiento del consumidor
250 _a3 edición
260 _aMéxico
260 _bPrentice-Hall
260 _c1997
300 _a683 páginas
650 _aCONSUMIDORES
_9518
650 _aCOMPORTAMIENTO DE LOS CONSUMIDORES
_922528
650 _aMOTIVACION
_922529
650 _aACTIVOS
_92667
650 _aTOMA DE DECISIONES
_9865
650 _aCULTURA DEL CONSUMIDOR
_922530
650 _aESTILOS DE VIDA
_9723
942 _cBK
999 _c1057
_d1057